00817nam a22002292 4500001001100000005001700011008004100028020001700069040001500086100003400101245014700135250001300282260003300295300002900328650003600357700003700393852001400430908001100444950000600455999001500461952011100476000002132020151217152229.0120314s xx 000 0 eng d a8131705841 : aKABUcKABU1 aBallou, Ronald H.@000018213710aBusiness logistics/supply chain management :bplanning, organizing, and controlling the supply chain /cRonald H. Ballou, Samir K. Srivastava. a5th ed. aNew Delhi :bPearson,c2007. axx, 800 p. +e1 CD-ROM. 0aBusiness logistics.@00001482871 aSrivastava, Samir K.@00001821381 9p4930 KES a120314 @1 c9636d9636 00102lcc70aKABUbKABUd2015-12-17l0oHD38.5 .B35 2007 c. 1p20754r2015-12-17 00:00:00w2015-12-17yBK